La huerta familiar /

Guardado en:
Autor Principal: Pailacura, Andino.
Autor Corporativo: Instituto Nacional de Tecnología Agropecuaria (Argentina)
Formato: Libro
Idioma:Spanish
Publicado: Hilario Ascasubi : INTA EEA Hilario Ascasubi, 1989.
Etiquetas: Agregar Etiqueta
Sin Etiquetas, Sea el primero en etiquetar este registro!
LEADER 00496nam a22001455a 4500
001 EEA.libagro004232
005 20190319101019.0
008 130809s1989####ag#a##########000#0#spa#d
082 0 4 |a 635 
100 1 |a Pailacura, Andino. 
245 1 3 |a La huerta familiar /  |c Andino Pailacura. 
260 |a Hilario Ascasubi :  |b INTA EEA Hilario Ascasubi,  |c 1989. 
300 |a 36 p. :  |b il. ;  |c 22 cm. 
710 2 |a Instituto Nacional de Tecnología Agropecuaria (Argentina) 
859 |a AR-BbBCA  |b BIB. AGRONOMIA  |h 635  |i P143  |p 1989/1473